LEADER 01049nam a2200265 i 4500 001 000000173183 003 CaOOAMICUS 005 20080709000000.0 008 080709s1991 it u000 u ita u 013 $a150635 020 $a88-7018-185-5 040 $aSeMil$bita 100 1 $aKolleritsch, Alfred.$0(OLS)http://semarc/name/64676 240 10$aÜber das Kindsein.$0(OLS)http://semarc/title/248032 245 10$aDell'infanzia :$bdue lettere ai miei figli /$cAlfred Kolleritsch. 260 $aGenova :$bIl melangolo,$ccopyr. 1991. 300 $a71 p. ;$c16 cm. 490 0 $aNugae ;$v32 830 0$aNugae ;$v32.$0(OLS)http://semarc/title/12563 850 $aSeMil 852 $aSeMil$W1$xVenegono$y1$m1M I 2$j124030$B124030$CSeMilBibl$Z2$F135557 $81 961 $aOmaggio: Biblioteca Ambrosiana 996 $6020$a88-7018-185-5$9(OLS)http://semarc/number/160763 996 $6245$aDell'infanzia :$bdue lettere ai miei figli$9(OLS)http://semarc/title/248031 996 $6260$aGenova :$bIl melangolo$9(OLS)http://semarc/publisher/30063 LEADER 01181nam a2200265 i 4500 001 000000199738 003 CaOOAMICUS 005 20110328000000.0 008 110328n it u000 u ita u 013 $a178430 040 $aSeMil$bita 100 1 $aElchinger, Léon Arthur,$c.$0(OLS)http://semarc/name/72245 245 10$aPer una pastorale del pensiero /$cDi S.E. Mons. L. A. Elchinger Vescovo di Strasburgo ; traduzione dal francese di Mario Salvagno. 260 $aFossano (CN) :$bEditrice Esperienze,$c[1968] 300 $a31 p. ;$c19 cm. 490 0 $aMaestri della fede : collana di magistero episcopale ;$v13 500 $aFondo Card. Giovanni Colombo. 700 1 $aSalvagno, Mario.$0(OLS)http://semarc/name/70988 830 0$aMaestri della fede. Esperienze ;$v13.$0(OLS)http://semarc/title/420007 850 $aSeMil 852 $aSeMil$W1$xVenegono$y1$m5D VII 18/15$j150273$B150273$CSeMilBibl$Z2$F161628 $81 941 1 $a3 961 $aLascito: Colombo Card. Giovanni 996 $6245$aPer una pastorale del pensiero$9(OLS)http://semarc/title/288735 996 $6260$aFossano (CN) :$bEditrice Esperienze$9(OLS)http://semarc/publisher/31255